|
|
|
|
| LEADER |
00000nam1a2200000 4500 |
| 001 |
194395 |
| 005 |
20231031182341.0 |
| 035 |
|
|
|a (RuTPU)RU\TPU\book\212017
|
| 035 |
|
|
|a RU\TPU\book\161420
|
| 090 |
|
|
|a 194395
|
| 100 |
|
|
|a 20110414d2011 m y0rusy50 ca
|
| 101 |
0 |
|
|a rus
|
| 102 |
|
|
|a RU
|
| 200 |
1 |
|
|a Управление качеством
|e учебное пособие для вузов
|e в 2 т.
|f С. А. Гладышев, Э. А. Карпов, О. В. Масалытина [и др.]
|
| 205 |
|
|
|a 2-е изд., перераб. и доп.
|
| 210 |
|
|
|a Старый Оскол
|c ТНТ
|d 2011
|
| 701 |
|
1 |
|a Гладышев
|b С. А.
|g Сергей Алексеевич
|
| 701 |
|
1 |
|a Карпов
|b Э. А.
|g Эрнст Алексеевич
|
| 701 |
|
1 |
|a Масалытина
|b О. В.
|g Оксана Витальевна
|
| 701 |
|
1 |
|a Соловьев
|b В. П.
|g Виктор Петрович
|
| 701 |
|
1 |
|a Борискин
|b В. П.
|g Владимир Петрович
|
| 801 |
|
2 |
|a RU
|b 63413507
|c 20200617
|g PSBO
|
| 942 |
|
|
|c BK
|